000 aam a22 a 4500
999 _c325048
_d325048
003 BLK
005 20200915123941.0
008 181010b bu ||||| |||| 00| 0 bu d
020 _a9786192350246
040 _aBLK
041 _aBUL
_cBUL
080 _aИспанска литература
_b821.134.2
_x-31
_z821.134.2-31
100 _aМануел, Хуан
_9391350
_eпърви автор
139 _aМануел, Хуан
_bМ 28
245 _aГраф Луканор
_bРоман
_cХуан Мануел
260 _bИзида
_c2018
_aСофия
300 _a256 с.
_c20 см
380 _aX
700 _91070
_aПетрова, Стефка
_eпрев. от исп.
942 _cKNG
_2udc
_n0
_03
999 _d325048
999 _d325048